000 00526nam a2200193 a 4500
001 1769935627358
003 YourLibrary
005 20260201143128.0
008 260201s1988##################000#0#eng##
020 _a9780521389051
082 0 4 _a332.494
_bGIA
100 1 _aGiavazzi, Francesco,
_eauthor.
245 1 0 _aThe European Monetary System :
260 _bCambridge University Press,
_c1988.
300 _a452 pages
650 0 _aBusiness & Economics.
942 _cENGLISH
040 _aYourLibrary
_beng
_cYourLibrary
999 _c609666
_d609666